• 首页
  • 本馆介绍
  • 公告通知
  • 最新文献
  • 馆藏检索
  • 电子资源
  • 读者导购
  • 参考咨询
  • 我的图书馆
  • 登录
  • 详细信息显示
  • 放入我的书架
  • 预约/预借图书
  • 作者相关作品
  • 分类相关作品
  • 丛书相关作品
  • 出版社相关作品

书目信息

  • 表格格式
  • 工作单格式
  • 卡片格式
题名:
药物化学
    
 
作者: ;南京药学院 主编
分册:  
出版信息: 北京   人民卫生出版社  1978
页数: 717页
开本: 26cm
丛书名:
单 册:
中图分类: R914
科图分类:
主题词: 药物化学
电子资源:
ISBN:
000 00591nam0 2200217 45
001 0178000901
005 20061122140412.75
010    @dCNY3.75
091    @a14048.3587
100    @a19950804d1978 em y0chiy0121 ea
101 0  @achi
102    @aCN@b110000
105    @ay z 000yy
200 10 @a药物化学@Ayao wu hua xue@f南京药学院主编@Fnan jing yao xue yuan zhu bian
210    @a北京@c人民卫生出版社@d1978
215    @a717页@d26cm
606    @a药物化学
690    @aR914@v3
711 02 @a南京药学院@Anan jing yao xue yuan@4主编
801  0 @aCN@bTSSF@c20061122
905    @a10447@dR914@e1
    
    药物化学/南京药学院主编.-北京:人民卫生出版社,1978
    717页;26cm
    
    
    ISBN :CNY3.75
    
●
相关链接 在E读中查询图书 在五车中查询图书 在当当中查询图书 在豆瓣中查询图书


正题名:药物化学     索取号:R914/1         预约/预借

序号 登录号 条形码 馆藏地/架位号 状态 备注
1 0003361   001698336   第二样本阅览室/ [索取号:R914/1] 在馆    
唐山师范学院图书馆 欢迎您!
大连网信软件有限公司© 版权所有